000 02096cam a22004814i 4500
003 PE-LiUPU
005 20250731173446.0
008 150616s1978 ilu r 000 0 eng d
020 _a0802435599
020 _a9780802435590
035 _a(Sirsi) i9780802435590
040 _aPE-LiUPU
_bspa
_cPE-LiUPU
_erda
049 _aPRUA
082 0 4 _a268
_bE11
_221
100 1 _aEavey, C. B.,
_eautor.
245 1 0 _aHistory Of Christian Education /
_cC. B. Eavey.
264 1 _aChicago :
_bMoody Press,
_c1978.
300 _a430 páginas ;
_c24 centímetros
336 _atext
_2rdacontent
337 _aunmediated
_2rdamedia
338 _avolume
_2rdacarrier
505 0 _aThe Beginnings of Christian Education -- Jewish education -- Early Christian Education -- Christian Education in the Middle Ages -- Christian Education in Early Modern Times -- Christian Education in PostReformation Centuries -- Early Christian Education in America -- The Sunday School-Its Early History -- The Sunday School-Its Development, Expansion, and Decline -- The Sunday School-Backround of Its Decline and Its Reemergence in Christian Education -- Organizations for Religious Education -- Bible Institutes, Vacation Bible Schools, and Weekday Schools of Religion -- Young People's Societies, Extrachurch Organiz.
526 _aSEG42
526 _aSEG41
526 _aSEG40
526 _aSEG39
526 _aP94
526 _aP87
526 _aP86
526 _aP85
526 _aP77
526 _aP76
526 _aP35
650 0 4 _aEducación cristiana
_xHistoria.
910 _ajck
_bjvq
_cjck
910 _adbm
_bncf
_cncf
_d20190529
942 _2ddc
_cBOOK
949 _a268 E11
_wDEWEY
_c1
_i18537
_lCCODEBUL1
_mBUL
_r0
_sY
_tBOOK
_u2015-6-16
_xTEOLOGIA
_PP20
_0COMPRA
_o.STAFF. Colección Teología
994 _aC0
_bPEPRU
596 _a1
999 _a268 E11
_wDEWEY
_c57055
_i18537
_d57055
_f2021-11-10
_g6
_lCCODEBUL1
_mBUL
_p50.00
_q4
_r0
_sY
_tBOOK
_u2015-6-16
_xTEOLOGIA
_PP35
_0COMPRA
_o.STAFF. Colección Teología
980 _81
_gALBERTO SANCHEZ Responsable de Automatización